01091cam a22002891 4500001001300000003000400013005001700017008004100034010001700075035001900092040002700111043001200138050002200150051001700172100004400189245012000233260004300353300008100396490004300477500004500520500003800565504004100603650003800644650003500682740006700717999001700784gs 25000138 DLC20260227111329.0760210s1925 dcu b f000 0 eng  ags 25000138  a(OCoLC)1981832 aDLCcIDeKNdOCoLCdDLC an-us-co00aQE75b.B9 no. 757 aQE92.M57bH31 aHancock, E. T.q(Eugene Thomas),d1875-10aGeology and coal resources of the Axial and Monument Butte quadrangles, Moffat County, Colorado,cby E. T. Hancock. aWashington,bGovt. print. off.,c1925. avi, 134 p.billus., XIX pl. (part fold., incl. map. diagrs.) tables.c23 cm.0 aU.S. Geological survey. Bulletin 757 aAt head of title: Dept. of the interior. aMap and diagram folded in pocket. aIncludes bibliographical references. 0aGeologyzColoradozMoffat County. 0aCoalzColoradozMoffat County.0 aAxial and Monument Butte quadrangles, Moffat county, Colorado. c26381d26381